000 00817nam a2200265Ia 4500
003 OSt
005 20220927105255.0
006 a|||||r|||| 00| 0
007 ta
008 220926b |||||||| |||| 00| 0 eng d
020 _a9783540485445
024 _a165664
037 _cReference Collections
040 _aRTL
_cRTL
_beng
041 _2eng
_aeng
082 _a"X62:891, P7"
100 _aStolz Stephanie M
_9371369
245 0 _aBank capital and risk taking
_b" The impact of captial regulation ,charter value, and the business cycle"
260 _aNew
_bYork Springer
_c2007
300 _a"xiv, 150p"
_ccm.
500 _aBibliography P 144-50; Appendix P 134-39
650 _aEconomics
942 _h"X62:891, P7"
_cCC
999 _c691571
_d691571